MARC details
| 000 -LEADER |
| fixed length control field |
01690cam a2200445 a 4500 |
| 001 - CONTROL NUMBER |
| control field |
zemcld b5337 |
| 005 - DATE AND TIME OF LATEST TRANSACTION |
| control field |
20241220121019.0 |
| 008 - FIXED-LENGTH DATA ELEMENTS--GENERAL INFORMATION |
| fixed length control field |
070911s2007 nyu g 000 1 eng|d |
| 010 ## - LIBRARY OF CONGRESS CONTROL NUMBER |
| LC control number |
2007928169 |
| 020 ## - INTERNATIONAL STANDARD BOOK NUMBER |
| International Standard Book Number |
9780758221988 (cloth) : |
| Terms of availability |
$16.00 |
| 020 ## - INTERNATIONAL STANDARD BOOK NUMBER |
| International Standard Book Number |
0758221983 (cloth) : |
| Terms of availability |
$16.00 |
| 035 ## - SYSTEM CONTROL NUMBER |
| System control number |
085578 |
| 040 ## - CATALOGING SOURCE |
| Description conventions |
rda |
| 050 #4 - LIBRARY OF CONGRESS CALL NUMBER |
| Classification number |
PS648.D4 |
| Item number |
C36 2007 |
| 082 04 - DEWEY DECIMAL CLASSIFICATION NUMBER |
| Classification number |
813/.087208 |
| Edition number |
22 |
| 092 ## - LOCALLY ASSIGNED DEWEY CALL NUMBER (OCLC) |
| Classification number |
AF |
| Item number |
Fluke, J. |
| 100 1# - MAIN ENTRY--PERSONAL NAME |
| Personal name |
Fluke, Joanne, |
| Dates associated with a name |
1943- |
| 9 (RLIN) |
37522 |
| 245 10 - TITLE STATEMENT |
| Title |
Candy cane murder / |
| Statement of responsibility, etc |
Joanne Fluke, Laura Levine, Leslie Meier. |
| 260 ## - PUBLICATION, DISTRIBUTION, ETC. (IMPRINT) |
| Place of publication, distribution, etc |
New York : |
| Name of publisher, distributor, etc |
Kensington Books, |
| Date of publication, distribution, etc |
[c2007] |
| 264 ## - Production, Publication, Distribution, Manufacture, and Copyright Notice. |
| Place of production, publication, distribution, manufacture |
New York : |
| Name of producer, publisher, distributor, manufacturer |
Kensington Books, |
| Date of production, publication, distribution, manufacture, or copyr |
[c2007] |
| 300 ## - PHYSICAL DESCRIPTION |
| Extent |
390 p. ; |
| Dimensions |
20 cm. |
| 336 ## - Content Type |
| Content type term |
text |
| 337 ## - Media type |
| Media type term |
unmediated |
| 338 ## - Carrier type |
| Carrier type term |
volume |
| 490 1# - SERIES STATEMENT |
| Series statement |
Hannah Swensen. |
| 500 ## - GENERAL NOTE |
| General note |
Includes original dessert recipes for Christmas Spritz Cookies and Sand Tarts. |
| 505 00 - FORMATTED CONTENTS NOTE |
| Title |
Candy cane murder / |
| Statement of responsibility |
Joanne Fluke -- |
| Title |
The dangers of candy canes / |
| Statement of responsibility |
Laura Levine -- |
| Title |
Candy canes of Christmas past / |
| Statement of responsibility |
Leslie Meier. |
| 650 #0 - SUBJECT ADDED ENTRY--TOPICAL TERM |
| Topical term or geographic name as entry element |
Detective and mystery stories, American. |
| 650 #0 - SUBJECT ADDED ENTRY--TOPICAL TERM |
| Topical term or geographic name as entry element |
Christmas stories, American. |
| 650 #0 - SUBJECT ADDED ENTRY--TOPICAL TERM |
| Topical term or geographic name as entry element |
Austen, Jaine (Fictitious character) |
| Form subdivision |
Fiction. |
| 9 (RLIN) |
5796606 |
| 650 #0 - SUBJECT ADDED ENTRY--TOPICAL TERM |
| Topical term or geographic name as entry element |
Swensen, Hannah (Fictitious character) |
| Form subdivision |
Fiction. |
| 9 (RLIN) |
5674507 |
| 650 #0 - SUBJECT ADDED ENTRY--TOPICAL TERM |
| Topical term or geographic name as entry element |
Stone, Lucy (Fictitious character) |
| Form subdivision |
Fiction. |
| 9 (RLIN) |
5683307 |
| 650 #0 - SUBJECT ADDED ENTRY--TOPICAL TERM |
| Topical term or geographic name as entry element |
Candy canes |
| Form subdivision |
Fiction. |
| 9 (RLIN) |
6412494 |
| 650 #0 - SUBJECT ADDED ENTRY--TOPICAL TERM |
| Topical term or geographic name as entry element |
Women detectives |
| Form subdivision |
Fiction. |
| 9 (RLIN) |
5673988 |
| 650 #1 - SUBJECT ADDED ENTRY--TOPICAL TERM |
| Topical term or geographic name as entry element |
Bakers and bakeries |
| Form subdivision |
Fiction. |
| 9 (RLIN) |
5675862 |
| 700 1# - ADDED ENTRY--PERSONAL NAME |
| Personal name |
Meier, Leslie. |
| 9 (RLIN) |
35649 |
| 700 1# - ADDED ENTRY--PERSONAL NAME |
| Personal name |
Levine, Laura, |
| Dates associated with a name |
1943- |
| 9 (RLIN) |
50412 |
| 907 ## - LOCAL DATA ELEMENT G, LDG (RLIN) |
| a |
.b443771947 |
| 942 ## - ADDED ENTRY ELEMENTS (KOHA) |
| Source of classification or shelving scheme |
Dewey Decimal Classification |
| Koha item type |
BOOK |